Country by amazing natural formation Quiz Stats

Quiz not verified by Sporcle

Challenge
Share
Tweet
Score 0/13 Timer 05:00
0 Plays Today
% Correct
Northern Ireland, UK
88.4%
Canada
87.2%
Australia
87%
China
82.9%
Norway
81.8%
New Zealand
81.7%
Portugal
74.3%
Venezuela, Guyana and Brazil
74%
Saudi Arabia
60.3%
Mauritania
58.1%
Turkey
57.7%
Russia
43.3%
Ireland
30.7%

You're not logged in!

Compare scores with friends on all Sporcle quizzes.
Sign Up with Email
OR
Log In

You Might Also Like...

Show Comments

Extras

Top Quizzes Today


Score Distribution

Your Account Isn't Verified!

In order to create a playlist on Sporcle, you need to verify the email address you used during registration. Go to your Sporcle Settings to finish the process.